000 00453nam a2200193Ia 4500
005 20240823052928.0
008 240823s9999||||xx |||||||||||||| ||und||
020 _a81-7764-294-4
041 _aENGLISH
082 _A621.902 Q2
100 _aVijay K Jain
245 0 _aAdvanced Machining Processes
250 _a1st
260 _c2012
_bAllied Publi
500 _aTRANSFERED
650 _aMachining
_bMechanical
942 _cBK
999 _c223014
_d223014